000 00796nam a22002177a 4500
003 BUBTL
008 240415b ||||| |||| 00| 0 eng d
020 _a9788120330726
041 _aeng
082 _a421/ Ap83c/ 2023
100 _95808
_aApte, Madhavi
245 _aA Course in English Communication /
_c Madhavi Apte
250 _a1st ed.
260 _aDelhi:
_bPHI Learning Private Limited,
_cc2023
300 _aviii, 204 p. :
_bills.;
_c24 cm
505 _aA Course in English Communication, Starting and Ending Conversations, Introducing Oneself and Others, Greetings, Praises, and Compliments, Requests and Suggestions, Asking and Giving Permission
650 0 _9194
_aEnglish Language
856 _k0
_l0
_yDownload
942 _2ddc
_cBK
999 _c7301
_d7301